|
|
|
|
| LEADER |
00000nam a2200000 i 4500 |
| 001 |
1/98534 |
| 008 |
950316s1994 eng d |
| 020 |
|
|
|a 0-8133-2078-X
|
| 035 |
|
|
|l 10010969
|
| 040 |
|
|
|a GR-MY-UA
|b gre
|e aacr
|
| 041 |
0 |
|
|a eng
|
| 082 |
0 |
|
|a 155.8
|
| 245 |
1 |
4 |
|a The senses still :
|b perception and memory as material culture in modernity /
|c Edited by C. Nadia Seremetakis
|
| 260 |
|
|
|a Oxford :
|b Westview,
|c 1994
|
| 300 |
|
|
|a 149 p.
|
| 504 |
|
|
|a Includes bibliographical references
|
| 650 |
0 |
0 |
|a Material culture.
|
| 650 |
0 |
0 |
|a Senses and sensation.
|
| 650 |
0 |
0 |
|a Memory.
|
| 650 |
0 |
0 |
|a Meaning (Psychology)
|
| 650 |
0 |
0 |
|a Ethnopsychology.
|
| 700 |
1 |
|
|a Σερεμετάκη, Κωνσταντίνα-Νάντια.
|4 edt
|
| 852 |
|
|
|a INST
|b LESVOS
|e 19950316
|h 155.8 SEN
|p 005100002365
|q 005100002365
|t BK
|y 0
|
| 909 |
|
|
|a Λ
|b 039608
|